000 003690000a22001450004500
003 MACL
040 _aMACL
090 _c49800
_d49798
100 _aRawat, Ramnarayan S.
245 _aReconsidering Untouchability
_bChamars and Dalit History in North India
260 _aNew Delhi
_bPermenent Black
_c2012
350 _a695
650 _ahistory
942 _cBOOK
_k900/RAW
999 _c49273
_d49273